LIBRARY & INFORMATION CENTRE, KCAET, TAVANUR

ONLINE PUBLIC ACCESS CATALOGUE (OPAC)

Waste water engineering : Treatment disposal re use / (Record no. 1803)

MARC details
000 -LEADER
fixed length control field 00540cam a2200205ua 4500
041 ## - LANGUAGE CODE
Language code of text/sound track or separate title eng
082 ## - DEWEY DECIMAL CLASSIFICATION NUMBER
Classification number 628.11
Item number EDD/WA
100 ## - MAIN ENTRY--AUTHOR NAME
Personal name Eddy, Metcalf .
245 ## - TITLE STATEMENT
Title Waste water engineering : Treatment disposal re use /
250 ## - EDITION STATEMENT
Edition statement 2 /
260 ## - PUBLICATION, DISTRIBUTION, ETC. (IMPRINT)
Place of publication New Delhi :
Name of publisher Tata Mc-Graw Hill Publishing Company ,
Year of publication 1990.
300 ## - PHYSICAL DESCRIPTION
Number of Pages 920 ; .
942 ## - ADDED ENTRY ELEMENTS (KOHA)
Koha item type Books
Holdings
Withdrawn status Lost status Damaged status Home library Current library Date acquired Full call number Accession Number Koha item type
      KAUAET KAUAET 07/04/2012 628.11 16816 Books
      KAUAET KAUAET 07/04/2012 628.11 16815 Books
      KAUAET KAUAET 07/04/2012 628.11 21717 Reference
free website counter